000 00550cab a2200205 4500
001 X1719
008 090401t1994 xxu||||| |||| 00| 0 eng d
035 _a(Sirsi) u18877
041 _aeng
245 _aSubscription rates for 1995
260 _c1994
350 _a0
490 _aCSM (Chartered Surveyor Monthly)
_v3(11) September 1994, 4(1)
520 _aRICS membership rates for 1995.
650 _aRICS
650 _aSUBSCRIPTIONS
690 _aMANAGEMENT-BUSINESS MANAGEMENT-PROFESSIONAL PRACTICE
942 _n0
948 _c04/03/1997
999 _c12558
_d12558